Numerical simulation of hydroacoustic noise signals detecting by a two stages wavelet transform; Mechanical Engineering, Automation and Control Systems (MEACS)

Detaylı Bibliyografya
Parent link:Mechanical Engineering, Automation and Control Systems (MEACS).— 2014.— [4 p.]
Yazar: Khamukhin A. A. Aleksandr Anatolievich
Müşterek Yazar: Национальный исследовательский Томский политехнический университет (ТПУ) Институт кибернетики (ИК) Кафедра информатики и проектирования систем (ИПС)
Diğer Yazarlar: Perminov R. I., Yagunov T. A.
Özet:Title screen
Detecting of vessels and submarines through their noise analysis should be performed quickly and around the clock. A numerical model for detecting narrowband hydroacoustic signals based on the two stages continuous wavelet transform (CWT) is presented. The first stage of the wavelet transformation can be performed at port before. On the ship board only the second stage of the wavelet transform must be performed. This reduces the computation time and speeds up the detection of enemy ships. Reducing hardware costs for making this apparatus for detecting narrow-band hydroacoustic noise signals based on the two stages CWT are shown.
Режим доступа: по договору с организацией-держателем ресурса
Dil:İngilizce
Baskı/Yayın Bilgisi: 2014
Konular:
Online Erişim:http://dx.doi.org/10.1109/MEACS.2014.6986886
Materyal Türü: Elektronik Kitap Bölümü
KOHA link:https://koha.lib.tpu.ru/cgi-bin/koha/opac-detail.pl?biblionumber=639008

MARC

LEADER 00000nla2a2200000 4500
001 639008
005 20231215164456.0
035 |a (RuTPU)RU\TPU\network\3405 
035 |a RU\TPU\network\3391 
090 |a 639008 
100 |a 20150218a2014 k y0engy50 ba 
101 0 |a eng 
105 |a a z 101zy 
135 |a drcn ---uucaa 
181 0 |a i  
182 0 |a b 
200 1 |a Numerical simulation of hydroacoustic noise signals detecting by a two stages wavelet transform  |f A. A. Khamukhin, R. I. Perminov, T. A. Yagunov 
203 |a Text  |c electronic 
300 |a Title screen 
320 |a [References: 9 tit.] 
330 |a Detecting of vessels and submarines through their noise analysis should be performed quickly and around the clock. A numerical model for detecting narrowband hydroacoustic signals based on the two stages continuous wavelet transform (CWT) is presented. The first stage of the wavelet transformation can be performed at port before. On the ship board only the second stage of the wavelet transform must be performed. This reduces the computation time and speeds up the detection of enemy ships. Reducing hardware costs for making this apparatus for detecting narrow-band hydroacoustic noise signals based on the two stages CWT are shown. 
333 |a Режим доступа: по договору с организацией-держателем ресурса 
463 0 |0 (RuTPU)RU\TPU\network\3200  |t Mechanical Engineering, Automation and Control Systems (MEACS)  |o proceedings of the International Conference, Tomsk, 16-18 October, 2014  |f National Research Tomsk Polytechnic University (TPU) ; Institute of Electrical and Electronics Engineers (IEEE)  |v [4 p.]  |d 2014 
610 1 |a электронный ресурс 
610 1 |a труды учёных ТПУ 
610 1 |a wavelet 
610 1 |a detecting 
610 1 |a continuous wavelet transform 
610 1 |a ydroacoustic noise signals 
610 1 |a negative SNR 
610 1 |a численное моделирование 
610 1 |a гидроакустика 
610 1 |a сигналы 
610 1 |a шумы 
610 1 |a вейвлет-преобразования 
700 1 |a Khamukhin  |b A. A.  |c specialist in the field of Informatics and computer engineering  |c Associate Professor of Tomsk Polytechnic University, candidate of technical sciences  |f 1954-  |g Aleksandr Anatolievich  |3 (RuTPU)RU\TPU\pers\33694  |9 17325 
701 1 |a Perminov  |b R. I. 
701 1 |a Yagunov  |b T. A. 
712 0 2 |a Национальный исследовательский Томский политехнический университет (ТПУ)  |b Институт кибернетики (ИК)  |b Кафедра информатики и проектирования систем (ИПС)  |3 (RuTPU)RU\TPU\col\18697 
801 2 |a RU  |b 63413507  |c 20161226  |g RCR 
856 4 |u http://dx.doi.org/10.1109/MEACS.2014.6986886 
942 |c CF